000 00471nam a22001577a 4500
003 macl
005 20200117121740.0
008 200117b xxu||||| |||| 00| 0 eng d
040 _cmacl
082 _a891.433/SIN/S
100 _aसिंह, शेर
_977846
245 _aशहर की शराफत
260 _aदिल्‍ली
_bभावना प्रकाशन
_c2017
650 _aकहानी संग्रह
_936739
942 _2ddc
_cHIN
999 _c61816
_d61816